Quiz sur les écoles des grandes mines - Statistiques

Statistiques générales
  • Ce quiz a été pris 24 fois
  • Le résultat moyen est 6 sur 10
Statistiques - réponses
Réponse % Correct
MINES Paris
89%
Mines saint etienne
79%
Mines Nancy
74%
IMT Atlantique
68%
TELECOM Paris
68%
SUPAERO
58%
ENSTA
53%
Ponts ParisTech
42%
ENSAE Paris
21%
Chimie Paristech
16%
Aucun quiz correspondant
Distribution des résultats
% des personnes avec chaque résultat
Percentile par nombre de réponses
Votre historique - résultats
Vous n’avez pas pris ce quiz